Una historia vulgar
Tallennettuna:
| Päätekijä: | |
|---|---|
| Aineistotyyppi: | Kirja |
| Kieli: | espanja |
| Julkaistu: |
Santiago
Alerce
1961
|
| Aiheet: | |
| Tagit: |
Lisää tagi
Ei tageja, Lisää ensimmäinen tagi!
|
MARC
| LEADER | 00000nam a2200000 a 4500 | ||
|---|---|---|---|
| 001 | UCQ6269 | ||
| 003 | CL-VaPUC | ||
| 008 | 981009e19610000CL |||||||||||||||||spa|d | ||
| 082 | 0 | 4 | |a Ch863 |b PIZ |2 21 |
| 100 | 0 | |a Pizarro, Andrés |e author |9 420154 | |
| 245 | 1 | 4 | |a Una historia vulgar |
| 300 | |a 66 p | ||
| 942 | |c BK | ||
| 945 | |d 19981009 00:00:00 |a crobeson | ||
| 260 | |a Santiago |b Alerce |c 1961 | ||
| 650 | 0 | |a Novelas chilenas |9 265425 | |
| 650 | 0 | |a Literatura chilena |9 308278 | |
| 583 | |a last modification |c 19981009 00:00:00 |k Rodrigo Vera | ||
| 999 | |c 276270 |d 276268 | ||
| 952 | |0 0 |1 0 |4 0 |6 CH_863_000000000000000_PIZ_1961 |7 0 |8 A |9 313432 |a BIBEDU |b BIBEDU |d 2019-11-20 |i 1477579 |o Ch863 PIZ 1961 |p 1477579 |r 2019-11-20 |w 2019-11-20 |y BK |k LIT | ||